000 ncm a22 a 4500
999 _c362354
_d362354
003 BLK
005 20200515121620.0
008 200403b bu ||||| |||| 00| 0 bu d
040 _aBLK
041 _aRUS
_cRUS
080 _aМузика за пиано. Етюди, технически упражнения. Начални школи.
_b786.2.087.5
_z786.2.087.5
139 _aПолифонические пьесы
_bП 69
245 _aПолифонические пьесы
_bдля фортепиано
_cСостав. и ред. К. Сорокин
_nВып. 2
260 _9402757
_aМосква
_bСоветский композитор
_c1971
300 _a24 с.
_c28 см
380 _a7
490 _9403669
_aПедагогический репертуар музыкальных училищ
_v1-2 курс
650 0 _9291568
_aПиано - пиеси
653 7 _9193730
_aпиано
700 _9362300
_aСорокин, Константин Степанович
_eред.
760 _h56 с.
_oВып. 2
852 _aЦб М ІІ 5779
_bЦб
942 _2udc
_cNOT
_n0
_s1
944 _aCR
_c2020-05-12
_kВ. Т.
999 _d361697
999 _d351151